00299 2200121 4500001002100000005001500021035002000036245003000056300001400086260003300100020001800133990002600151INLIS00000000000092720260327012811 a0010-0326000038 a3726 MDPL /cNurwina Sari a280 ;c19 aJakarta :bRomancious,c2025 a9786233102599 a2025/SMKMIRI/3127/001